[Event "CYCC U16"]
[Site "Victoria CAN"]
[Date "2009.07.21"]
[Round "2"]
[White "MacKinnon, Keith"]
[Black "Xiong, Jerry"]
[Result "0-1"]
[WhiteElo "2241"]
[BlackElo "2166"]
[PlyCount "64"]
[GameId "2160767910093889"]
[EventDate "2009.07.21"]
[EventType "swiss"]
[EventRounds "7"]
[EventCountry "CAN"]
[SourceTitle "EXT 2011"]
[Source "ChessBase"]
[SourceDate "2011.11.26"]
[SourceVersion "1"]
[SourceVersionDate "2011.11.26"]
[SourceQuality "1"]

1. e4 c5 2. Nf3 d6 3. d4 cxd4 4. Nxd4 Nf6 5. Nc3 g6 6. Be3 Bg7 7. f3 O-O 8. Qd2 Nc6 9. O-O-O Nxd4 10. Bxd4 Be6 11. Kb1 Qc7 12. h4 Rfc8 13. h5 Qa5 14. hxg6 fxg6 15. a3 Rab8 16. Bd3 b5 17. Qg5 Bf7 18. f4 e5 19. fxe5 b4 20. axb4 Rxb4 21. Ne2 Nd7 22. Qg4 Qa2+ 23. Kc1 Be6 24. Qh4 h5 25. Qg5 Nxe5 26. Bxe5 dxe5 27. Qxg6 Rxb2 28. Nc3 Rxc2+ 29. Bxc2 Qa3+ 30. Kd2 Qxc3+ 31. Ke2 Qxc2+ 32. Ke1 Bg4 0-1

[Event "CYCC U16"]
[Site "Victoria CAN"]
[Date "2009.07.21"]
[Round "2"]
[White "Martchenko, Alexander"]
[Black "Calugar, Arthur"]
[Result "1/2-1/2"]
[WhiteElo "2314"]
[BlackElo "2224"]
[PlyCount "62"]
[GameId "2160767910093890"]
[EventDate "2009.07.21"]
[EventType "swiss"]
[EventRounds "7"]
[EventCountry "CAN"]
[SourceTitle "EXT 2011"]
[Source "ChessBase"]
[SourceDate "2011.11.26"]
[SourceVersion "1"]
[SourceVersionDate "2011.11.26"]
[SourceQuality "1"]

1. e4 c5 2. Nf3 Nc6 3. d4 cxd4 4. Nxd4 Nf6 5. Nc3 d6 6. Bg5 e6 7. Qd2 a6 8. f3 Bd7 9. O-O-O b5 10. Nxc6 Bxc6 11. Ne2 Bb7 12. Kb1 Rc8 13. Nd4 Be7 14. h4 Qc7 15. Bd3 h6 16. Be3 d5 17. e5 Nd7 18. f4 Nc5 19. Qe1 h5 20. g4 hxg4 21. Qg3 Na4 22. Qxg4 Nxb2 23. Bg6 Nxd1 24. Bxf7+ Kxf7 25. Qxe6+ Ke8 26. Qg6+ Kd7 27. Qg4+ Ke8 28. Qg6+ Kd7 29. Qf5+ Ke8 30. Qg6+ Kd7 31. Qf5+ Ke8 1/2-1/2

[Event "CYCC U16"]
[Site "Victoria CAN"]
[Date "2009.07.21"]
[Round "2"]
[White "Prysiazny, Michael"]
[Black "Wu, Allan"]
[Result "1-0"]
[WhiteElo "2007"]
[BlackElo "1867"]
[PlyCount "181"]
[GameId "2160767910093891"]
[EventDate "2009.07.21"]
[EventType "swiss"]
[EventRounds "7"]
[EventCountry "CAN"]
[SourceTitle "EXT 2011"]
[Source "ChessBase"]
[SourceDate "2011.11.26"]
[SourceVersion "1"]
[SourceVersionDate "2011.11.26"]
[SourceQuality "1"]

1. e4 c5 2. Nf3 Nc6 3. Nc3 d6 4. d4 cxd4 5. Nxd4 Nf6 6. Bg5 e5 7. Ndb5 a6 8. Na3 b5 9. Nd5 Be7 10. Bxf6 Bxf6 11. c3 Ne7 12. Nc2 Nxd5 13. Qxd5 Rb8 14. Nb4 Be6 15. Qc6+ Qd7 16. Qxd7+ Kxd7 17. Nxa6 Rb6 18. Nb4 Ra8 19. Be2 Rb7 20. O-O Bg5 21. Rfd1 f5 22. Bf3 f4 23. Rd2 Rba7 24. Rad1 Be7 25. a3 Bb3 26. Bg4+ Ke8 27. Re1 g6 28. Bd1 Be6 29. Be2 Rb7 30. Bd3 Kd7 31. Bb1 Rc7 32. Ba2 Bxa2 33. Nxa2 Rc4 34. Nb4 Bd8 35. Red1 Be7 36. Nd5 Ra6 37. f3 Rc8 38. Nb4 Ra7 39. Rd5 Rb7 40. Nd3 Ke8 41. Nf2 h5 42. Nd3 Kf7 43. Kf2 Ke6 44. Nb4 g5 45. R5d2 Rb6 46. Nd5 Ra6 47. Nxe7 Kxe7 48. Rd5 Rb6 49. g3 Rg8 50. Rg1 Kf7 51. h4 fxg3+ 52. Rxg3 Kf6 53. hxg5+ Rxg5 54. f4 Rxg3 55. Kxg3 Ke6 56. f5+ Ke7 57. Kh4 Rb8 58. Kxh5 Rh8+ 59. Kg4 Rg8+ 60. Kf3 Rb8 61. Ke3 Rb6 62. Kd3 Kd7 63. Kc2 Kc6 64. b4 Rb7 65. Kb3 Rh7 66. Rd3 Rh4 67. Re3 Rf4 68. a4 bxa4+ 69. Kxa4 d5 70. Ka5 Rxe4 71. b5+ Kd7 72. Rxe4 dxe4 73. b6 e3 74. b7 Kc7 75. Ka6 e2 76. Ka7 e1=Q 77. b8=Q+ Kd7 78. Qb7+ Kd6 79. Qb4+ Kd7 80. Kb8 e4 81. Qd4+ Kc6 82. Qf6+ Kc5 83. Kc7 Kc4 84. Qd4+ Kb3 85. Qb4+ Kc2 86. Qa4+ Kd3 87. Qd4+ Kc2 88. f6 Qg3+ 89. Kd7 e3 90. f7 e2 91. f8=Q 1-0

[Event "CYCC U16"]
[Site "Victoria CAN"]
[Date "2009.07.21"]
[Round "2"]
[White "Rakov, Pavel"]
[Black "Sapozhnikov, Roman"]
[Result "0-1"]
[WhiteElo "2147"]
[BlackElo "2358"]
[PlyCount "76"]
[GameId "2160767910093892"]
[EventDate "2009.07.21"]
[EventType "swiss"]
[EventRounds "7"]
[EventCountry "CAN"]
[SourceTitle "EXT 2011"]
[Source "ChessBase"]
[SourceDate "2011.11.26"]
[SourceVersion "1"]
[SourceVersionDate "2011.11.26"]
[SourceQuality "1"]

1. d4 Nf6 2. Nf3 g6 3. c4 Bg7 4. Nc3 O-O 5. e4 d6 6. Be2 e5 7. d5 a5 8. Bg5 h6 9. Bh4 Na6 10. Nd2 Qe8 11. O-O Nh7 12. Qc2 h5 13. f3 Bh6 14. Bf2 Qe7 15. Kh1 h4 16. a3 Bd7 17. Rfd1 Bf4 18. Rab1 Qg5 19. Nf1 Nf6 20. b4 axb4 21. axb4 Nh5 22. Bd3 Ng3+ 23. hxg3 hxg3 24. Bxg3 Bxg3 25. Nxg3 Qxg3 26. Kg1 Kg7 27. Qf2 Qg5 28. Ne2 Rh8 29. Ng3 Rh7 30. Nf1 Rah8 31. Qg3 Rh1+ 32. Kf2 Qe7 33. Rdc1 Ra8 34. c5 dxc5 35. Bxa6 Rxa6 36. bxc5 Ra2+ 37. Ke3 Rxf1 38. d6 Rxc1 0-1

[Event "CYCC U16"]
[Site "Victoria CAN"]
[Date "2009.07.21"]
[Round "2"]
[White "Raymer, Elliot"]
[Black "Lazo, Jan Edmund"]
[Result "0-1"]
[WhiteElo "1776"]
[BlackElo "1990"]
[PlyCount "76"]
[GameId "2160767910093893"]
[EventDate "2009.07.21"]
[EventType "swiss"]
[EventRounds "7"]
[EventCountry "CAN"]
[SourceTitle "hb 2009.10"]

1. e4 d5 2. exd5 Qxd5 3. Nc3 Qa5 4. d4 Nf6 5. Bd2 c6 6. Bd3 Bg4 7. Ne4 Qh5 8. Nxf6+ exf6 9. Be2 Bxe2 10. Qxe2+ Qxe2+ 11. Nxe2 Nd7 12. O-O O-O-O 13. Rfe1 Bd6 14. c4 c5 15. d5 Ne5 16. b3 Nd3 17. Red1 Rhe8 18. Be3 Ne5 19. Ng3 g6 20. Ne4 Nxc4 21. Nxf6 Nxe3 22. Nxe8 Nxd1 23. Nxd6+ Rxd6 24. Rxd1 Kd7 25. f4 Rf6 26. g3 Rf5 27. Kg2 Kd6 28. Re1 Rxd5 29. Re8 Rd2+ 30. Kh3 Rxa2 31. Rh8 h5 32. g4 hxg4+ 33. Kxg4 Rg2+ 34. Kf3 Rb2 35. Kg4 Rxb3 36. Kg5 Ke6 37. Re8+ Kd7 38. Rf8 Ke7 0-1

[Event "CYCC U16"]
[Site "Victoria CAN"]
[Date "2009.07.21"]
[Round "2"]
[White "Sundar, Avinaash"]
[Black "Kleinman, Michael"]
[Result "1/2-1/2"]
[WhiteElo "2238"]
[BlackElo "2121"]
[PlyCount "72"]
[GameId "2160767910093894"]
[EventDate "2009.07.21"]
[EventType "swiss"]
[EventRounds "7"]
[EventCountry "CAN"]
[SourceTitle "hb 2009.10"]

1. Nf3 g6 2. g3 Bg7 3. Bg2 Nf6 4. O-O O-O 5. c4 d5 6. d4 dxc4 7. Ne5 Nfd7 8. Nxc4 Nb6 9. Nxb6 axb6 10. e3 c6 11. Nd2 Be6 12. Qc2 Na6 13. a3 b5 14. Nf3 Qb6 15. Rd1 Rfd8 16. Bd2 c5 17. Bc3 b4 18. Be1 Rac8 19. Qe2 Bb3 20. Rdc1 bxa3 21. bxa3 cxd4 22. Nxd4 Rxc1 23. Rxc1 Ba4 24. Qc4 Qb2 25. Ba5 b5 26. Qc3 Bxd4 27. exd4 Qxc3 28. Rxc3 Rd6 29. Rc8+ Kg7 30. Ra8 b4 31. axb4 Rxd4 32. Bf3 Nxb4 33. Bb6 Rd6 34. Bc5 Bc6 35. Ra3 Rd3 36. Rxd3 Nxd3 1/2-1/2

[Event "CYCC U16"]
[Site "Victoria CAN"]
[Date "2009.07.22"]
[Round "3"]
[White "Calugar, Arthur"]
[Black "Kleinman, Michael"]
[Result "1-0"]
[WhiteElo "2224"]
[BlackElo "2121"]
[PlyCount "59"]
[GameId "2160767910093895"]
[EventDate "2009.07.21"]
[EventType "swiss"]
[EventRounds "7"]
[EventCountry "CAN"]
[SourceTitle "EXT 2011"]
[Source "ChessBase"]
[SourceDate "2011.11.26"]
[SourceVersion "1"]
[SourceVersionDate "2011.11.26"]
[SourceQuality "1"]

1. Nf3 g6 2. e4 Bg7 3. d4 c6 4. c4 d5 5. e5 Nd7 6. cxd5 cxd5 7. Nc3 Nb6 8. Be2 a6 9. O-O h6 10. Bd2 f5 11. exf6 Nxf6 12. Ne5 O-O 13. Nxg6 Bf5 14. Nxf8 Qxf8 15. Bf4 Rc8 16. Be5 Rc6 17. Bd3 Qc8 18. Rc1 Nc4 19. Bxf6 Bxf6 20. Nxd5 Bg5 21. Bxc4 Rxc4 22. Rxc4 Qxc4 23. Ne3 Bxe3 24. fxe3 Be6 25. Qf3 Qb4 26. d5 Qxb2 27. Qf8+ Kh7 28. Qxe7+ Kg6 29. Qxe6+ Kh5 30. Rf5+ 1-0

[Event "CYCC U16"]
[Site "Victoria CAN"]
[Date "2009.07.22"]
[Round "3"]
[White "Lazo, Jan Edmund"]
[Black "Sundar, Avinaash"]
[Result "0-1"]
[WhiteElo "1990"]
[BlackElo "2238"]
[PlyCount "86"]
[GameId "2160767910093896"]
[EventDate "2009.07.21"]
[EventType "swiss"]
[EventRounds "7"]
[EventCountry "CAN"]
[SourceTitle "hb 2009.10"]

1. e4 c5 2. Nf3 d6 3. Bb5+ Bd7 4. Bxd7+ Qxd7 5. O-O Nc6 6. c3 Nf6 7. Qe2 e6 8. d4 d5 9. e5 Ng8 10. b3 cxd4 11. cxd4 Nge7 12. Bb2 Nf5 13. g4 Nfe7 14. Nh4 Ng6 15. Ng2 Nge7 16. f4 g6 17. Nd2 h5 18. g5 Nf5 19. Nf3 Bb4 20. Rfc1 Ba5 21. Ne3 Nxe3 22. Qxe3 O-O 23. a3 Rfc8 24. b4 Bb6 25. Rc3 Ne7 26. Rac1 Rxc3 27. Rxc3 Nf5 28. Qd2 a5 29. Rb3 Qa4 30. Qd3 Qc6 31. Rc3 Qd7 32. Rb3 axb4 33. Rxb4 Ba5 34. Rb5 b6 35. a4 Qc6 36. Ba3 Rc8 37. Bc5 bxc5 38. Rxa5 cxd4 39. Ra6 Qc1+ 40. Qf1 Qxf4 41. Qe2 Rc1+ 42. Kf2 Ne3 43. Ra8+ Kg7 0-1

[Event "CYCC U16"]
[Site "Victoria CAN"]
[Date "2009.07.22"]
[Round "3"]
[White "Parker, Dylan"]
[Black "Rakov, Pavel"]
[Result "0-1"]
[WhiteElo "1574"]
[BlackElo "2147"]
[PlyCount "68"]
[GameId "2160767910093897"]
[EventDate "2009.07.21"]
[EventType "swiss"]
[EventRounds "7"]
[EventCountry "CAN"]
[SourceTitle "EXT 2011"]
[Source "ChessBase"]
[SourceDate "2011.11.26"]
[SourceVersion "1"]
[SourceVersionDate "2011.11.26"]
[SourceQuality "1"]

1. e4 c5 2. Nf3 Nc6 3. d4 cxd4 4. Nxd4 Nf6 5. Nc3 e5 6. Ndb5 d6 7. Bg5 a6 8. Na3 b5 9. Nd5 Be7 10. Nxe7 Kxe7 11. Bxf6+ gxf6 12. c3 Be6 13. Nc2 d5 14. Bd3 d4 15. Qd2 Qd6 16. Rd1 Rhg8 17. Rg1 Bxa2 18. f3 Be6 19. Kf2 Qc5 20. cxd4 Nxd4 21. Nxd4 Qxd4+ 22. Ke2 Rgd8 23. Qc3 Qxc3 24. bxc3 Rac8 25. Rc1 Bc4 26. Bxc4 Rxc4 27. Rc2 b4 28. Rgc1 Rdc8 29. Kd3 Rxc3+ 30. Rxc3 Rxc3+ 31. Rxc3 bxc3 32. Kxc3 Kd6 33. Kb4 Kc6 34. Ka5 Kb7 0-1

[Event "CYCC U16"]
[Site "Victoria CAN"]
[Date "2009.07.22"]
[Round "3"]
[White "Sapozhnikov, Roman"]
[Black "Geng, Tian Tian"]
[Result "1-0"]
[WhiteElo "2358"]
[BlackElo "1219"]
[PlyCount "53"]
[GameId "2160767910093898"]
[EventDate "2009.07.21"]
[EventType "swiss"]
[EventRounds "7"]
[EventCountry "CAN"]
[SourceTitle "EXT 2011"]
[Source "ChessBase"]
[SourceDate "2011.11.26"]
[SourceVersion "1"]
[SourceVersionDate "2011.11.26"]
[SourceQuality "1"]

1. e4 e5 2. Nf3 Nc6 3. Bb5 Bc5 4. O-O Nge7 5. c3 d5 6. exd5 Qxd5 7. Nxe5 Bxf2+ 8. Rxf2 Qxb5 9. Nxc6 Qxc6 10. d4 O-O 11. b3 Re8 12. c4 Ng6 13. Nc3 b6 14. Bb2 Bb7 15. Qd2 Rad8 16. Raf1 Rd7 17. d5 Qc5 18. Kh1 c6 19. Rf5 f6 20. Rd1 Ne7 21. Ne4 Qa5 22. Bc3 Qa6 23. Rxf6 Nxd5 24. Rd6 Nxc3 25. Rxd7 Nxd1 26. Qg5 Nf2+ 27. Kg1 1-0

[Event "CYCC U16"]
[Site "Victoria CAN"]
[Date "2009.07.22"]
[Round "3"]
[White "Szalay, Karoly"]
[Black "Prysiazny, Michael"]
[Result "1-0"]
[WhiteElo "2273"]
[BlackElo "2007"]
[PlyCount "89"]
[GameId "2160767910093899"]
[EventDate "2009.07.21"]
[EventType "swiss"]
[EventRounds "7"]
[EventCountry "CAN"]
[SourceTitle "hb 2009.10"]

1. e4 e5 2. Nf3 Nc6 3. Bb5 a6 4. Ba4 Nf6 5. O-O Be7 6. Re1 b5 7. Bb3 O-O 8. a4 Bb7 9. d3 d6 10. Nbd2 Na5 11. Ba2 c5 12. c3 Nd7 13. Nf1 Nb6 14. b4 cxb4 15. cxb4 Nc6 16. a5 Nd7 17. Bd5 Rc8 18. Qb3 Nf6 19. Ne3 Qd7 20. Bb2 Nd8 21. Rac1 Nxd5 22. Nxd5 Qe6 23. Rxc8 Bxd5 24. Qxd5 Qxc8 25. Rc1 Qe6 26. Rc7 Bf6 27. Ne1 Qg4 28. Kf1 Ne6 29. Rc2 Nf4 30. Qxd6 Qh5 31. h3 Rd8 32. Qxa6 Nxh3 33. gxh3 Qxh3+ 34. Ke2 Qg4+ 35. Nf3 Rxd3 36. Qc8+ Qxc8 37. Rxc8+ Rd8 38. Rxd8+ Bxd8 39. Bxe5 f6 40. Bd4 Bc7 41. a6 Bb8 42. a7 Bxa7 43. Bxa7 Kf7 44. Nd4 h5 45. Nxb5 1-0

[Event "CYCC U16"]
[Site "Victoria CAN"]
[Date "2009.07.22"]
[Round "3"]
[White "Wang, Jesse BJ"]
[Black "MacKinnon, Keith"]
[Result "1/2-1/2"]
[WhiteElo "2006"]
[BlackElo "2241"]
[PlyCount "46"]
[GameId "2160767910093900"]
[EventDate "2009.07.21"]
[EventType "swiss"]
[EventRounds "7"]
[EventCountry "CAN"]

1. Nf3 Nf6 2. g3 d5 3. Bg2 Bf5 4. O-O e6 5. d3 h6 6. Nbd2 Be7 7. Re1 Nbd7 8. e4 dxe4 9. dxe4 Bh7 10. e5 Nd5 11. Nd4 Nc5 12. Qg4 O-O 13. N2b3 Kh8 14. Nxc5 Bxc5 15. c3 c6 16. Bd2 Qb6 17. Bxd5 cxd5 18. b4 Bxd4 19. Qxd4 Qc6 20. a4 Rfc8 21. Rec1 Qe8 22. Be3 Rc4 23. Qd1 Qc6 1/2-1/2

[Event "CYCC U16"]
[Site "Victoria CAN"]
[Date "2009.07.22"]
[Round "3"]
[White "Wu, Allan"]
[Black "Fan, Brendan"]
[Result "1/2-1/2"]
[WhiteElo "1867"]
[BlackElo "2006"]
[PlyCount "97"]
[GameId "2160767910093901"]
[EventDate "2009.07.21"]
[EventType "swiss"]
[EventRounds "7"]
[EventCountry "CAN"]
[SourceTitle "EXT 2011"]
[Source "ChessBase"]
[SourceDate "2011.11.26"]
[SourceVersion "1"]
[SourceVersionDate "2011.11.26"]
[SourceQuality "1"]

1. d4 Nf6 2. c4 e6 3. Nf3 Bb4+ 4. Nbd2 b6 5. a3 Bxd2+ 6. Qxd2 a5 7. b3 Bb7 8. g3 O-O 9. Bg2 d5 10. O-O a4 11. cxd5 exd5 12. b4 Nbd7 13. Qc2 Ne4 14. Be3 Ba6 15. Rfe1 Bb5 16. Nd2 f5 17. Bf4 Rc8 18. Nxe4 fxe4 19. Rac1 c6 20. Qd2 Nf6 21. Bh3 Ra8 22. Bg5 h6 23. Bxf6 Qxf6 24. e3 Bc4 25. Bf1 b5 26. Bg2 Ra7 27. Rc2 g5 28. h3 Raf7 29. Rec1 Kg7 30. Qe1 Qd6 31. Rd2 Rf5 32. Kh2 Bd3 33. Kg1 h5 34. Qd1 Kg6 35. Ra1 Bc4 36. Rb1 Rf3 37. Qe1 R3f5 38. Rbb2 Qf6 39. Qd1 Qe6 40. Qe1 R5f7 41. Kh2 Qd6 42. Kg1 Rb7 43. Qc1 Rd8 44. Qc3 Qf6 45. Qc1 Rc8 46. Kh2 Rd8 47. Kg1 g4 48. h4 Kf5 49. Kh2 1/2-1/2

[Event "CYCC U16"]
[Site "Victoria CAN"]
[Date "2009.07.22"]
[Round "3"]
[White "Xiong, Jerry"]
[Black "Martchenko, Alexander"]
[Result "1-0"]
[WhiteElo "2166"]
[BlackElo "2314"]
[PlyCount "107"]
[GameId "2160767910093902"]
[EventDate "2009.07.21"]
[EventType "swiss"]
[EventRounds "7"]
[EventCountry "CAN"]
[SourceTitle "EXT 2011"]
[Source "ChessBase"]
[SourceDate "2011.11.26"]
[SourceVersion "1"]
[SourceVersionDate "2011.11.26"]
[SourceQuality "1"]

1. e4 c5 2. Nf3 Nc6 3. d4 cxd4 4. Nxd4 g6 5. Nc3 Bg7 6. Be3 Nf6 7. Bc4 O-O 8. h4 Qa5 9. O-O d6 10. f3 Bd7 11. Nce2 Rac8 12. Bb3 Ne5 13. c3 b5 14. Ng3 Nc4 15. Bxc4 bxc4 16. Qd2 Rfd8 17. Bh6 e5 18. Ndf5 Bxf5 19. Nxf5 gxf5 20. Bxg7 Nh5 21. Bf6 f4 22. Bxd8 Qxd8 23. g4 fxg3 24. Qg5+ Qxg5 25. hxg5 Kh8 26. g6 Nf4 27. Rfd1 fxg6 28. Rxd6 Rc7 29. Rad1 h5 30. Rd8+ Kg7 31. R8d7+ Rxd7 32. Rxd7+ Kh6 33. Rxa7 h4 34. Rd7 Nd3 35. Rd8 Kg5 36. a4 h3 37. a5 Kf4 38. Rh8 h2+ 39. Kg2 Ne1+ 40. Kh1 Kxf3 41. Rxh2 gxh2 42. Kxh2 Kf2 43. a6 g5 44. a7 g4 45. a8=Q g3+ 46. Kh3 g2 47. Qa7+ Kf1 48. Qf7+ Kg1 49. Kg3 Kh1 50. Qh5+ Kg1 51. Qxe5 Kf1 52. Qf4+ Ke2 53. Qf2+ Kd1 54. e5 1-0

[Event "CYCC U16"]
[Site "Victoria CAN"]
[Date "2009.07.22"]
[Round "4"]
[White "Huang, Richard"]
[Black "Wu, Allan"]
[Result "1-0"]
[WhiteElo "2043"]
[BlackElo "1867"]
[PlyCount "75"]
[GameId "2160767910093903"]
[EventDate "2009.07.21"]
[EventType "swiss"]
[EventRounds "7"]
[EventCountry "CAN"]
[SourceTitle "EXT 2011"]
[Source "ChessBase"]
[SourceDate "2011.11.26"]
[SourceVersion "1"]
[SourceVersionDate "2011.11.26"]
[SourceQuality "1"]

1. d4 Nf6 2. Bg5 e6 3. e4 Be7 4. Nd2 d6 5. Ngf3 Nbd7 6. h3 e5 7. c3 c6 8. Bd3 Qc7 9. O-O O-O 10. Qc2 h6 11. Bh4 Nb6 12. Bg3 Nh5 13. Bh2 Nf4 14. Bxf4 exf4 15. Rfe1 Be6 16. c4 f6 17. e5 fxe5 18. dxe5 Qd7 19. exd6 Bxd6 20. c5 Bxc5 21. Qxc5 Bxa2 22. Bc4+ Bxc4 23. Nxc4 Nxc4 24. Qxc4+ Kh8 25. Rad1 Qf5 26. Nd4 Qf6 27. Qe6 Rad8 28. Qxf6 Rxf6 29. Nf3 Rxd1 30. Rxd1 Rf7 31. Kf1 Kg8 32. Rd8+ Rf8 33. Rxf8+ Kxf8 34. Ke2 g5 35. Nd4 Kf7 36. Nf5 Kg6 37. Nd6 b5 38. Nc8 1-0

[Event "CYCC U16"]
[Site "Victoria CAN"]
[Date "2009.07.22"]
[Round "4"]
[White "Kleinman, Michael"]
[Black "Wang, Jesse BJ"]
[Result "1-0"]
[WhiteElo "2121"]
[BlackElo "1980"]
[PlyCount "53"]
[GameId "2160767910093904"]
[EventDate "2009.07.21"]
[EventType "swiss"]
[EventRounds "7"]
[EventCountry "CAN"]
[SourceTitle "hb 2009.10"]

1. e4 c5 2. Nc3 Nc6 3. Nge2 d6 4. g3 g6 5. Bg2 Bg7 6. d3 Bg4 7. f3 Bd7 8. O-O e5 9. Nd5 Nce7 10. Ne3 h5 11. f4 Nh6 12. h3 O-O 13. Nc3 h4 14. f5 gxf5 15. Qh5 f4 16. gxf4 Ng6 17. f5 Nf4 18. Rxf4 exf4 19. Ned5 f6 20. Bxf4 Be8 21. Qxh4 Nf7 22. Kf2 Ng5 23. Rg1 Kf7 24. Qh5+ Kg8 25. Qg4 Nf7 26. Bf1 Ng5 27. h4 1-0

[Event "CYCC U16"]
[Site "Victoria CAN"]
[Date "2009.07.22"]
[Round "4"]
[White "MacKinnon, Keith"]
[Black "Fan, Brendan"]
[Result "1-0"]
[WhiteElo "2241"]
[BlackElo "2006"]
[PlyCount "75"]
[GameId "2160767910093905"]
[EventDate "2009.07.21"]
[EventType "swiss"]
[EventRounds "7"]
[EventCountry "CAN"]
[SourceTitle "EXT 2011"]
[Source "ChessBase"]
[SourceDate "2011.11.26"]
[SourceVersion "1"]
[SourceVersionDate "2011.11.26"]
[SourceQuality "1"]

1. e4 c5 2. Nf3 d6 3. d4 cxd4 4. Nxd4 Nf6 5. Nc3 Bd7 6. f3 e5 7. Nb3 Bc6 8. Nd5 Bxd5 9. exd5 Be7 10. Be3 Nbd7 11. c4 O-O 12. Bd3 Qc8 13. O-O Bd8 14. Kh1 Bb6 15. Bg5 h6 16. Bd2 a5 17. Rc1 a4 18. Na1 Nc5 19. Bb1 Qd7 20. Qe1 Rae8 21. Qg3 Kh8 22. b4 axb3 23. axb3 Bd8 24. b4 Na6 25. Nc2 e4 26. Nd4 Nh5 27. Qf2 e3 28. Bxe3 Nxb4 29. Bf5 Qe7 30. Rfe1 Bb6 31. Qd2 Bc5 32. g4 Qf6 33. gxh5 Bxd4 34. Bxd4 Qxf5 35. Qxh6+ Qh7 36. Bxg7+ Kg8 37. Bxf8 Rxf8 38. Rg1+ 1-0

[Event "CYCC U16"]
[Site "Victoria CAN"]
[Date "2009.07.22"]
[Round "4"]
[White "Martchenko, Alexander"]
[Black "Geng, Tian Tian"]
[Result "1-0"]
[WhiteElo "2314"]
[BlackElo "1219"]
[PlyCount "71"]
[GameId "2160767910093906"]
[EventDate "2009.07.21"]
[EventType "swiss"]
[EventRounds "7"]
[EventCountry "CAN"]
[SourceTitle "EXT 2011"]
[Source "ChessBase"]
[SourceDate "2011.11.26"]
[SourceVersion "1"]
[SourceVersionDate "2011.11.26"]
[SourceQuality "1"]

1. e4 e5 2. Nf3 Nc6 3. Bb5 Bc5 4. O-O Nge7 5. c3 d5 6. Nxe5 Qd6 7. d4 Bb6 8. exd5 Qxd5 9. Bc4 Qe4 10. Bxf7+ Kf8 11. Nxc6 Kxf7 12. Nxe7 Qxe7 13. Re1 Qd6 14. Qf3+ Qf6 15. Qxf6+ Kxf6 16. Nd2 h6 17. Ne4+ Kf7 18. Bf4 g5 19. Be5 Rg8 20. f4 g4 21. b3 Bf5 22. Ng3 Bg6 23. f5 Bh7 24. Bf4 h5 25. Nxh5 Bxf5 26. Re5 Bg6 27. Rf1 Bxh5 28. Rxh5 Kg6 29. Rh6+ Kf5 30. Bxc7+ Kg5 31. Bf4+ Kf5 32. Rh5+ Kg6 33. Rg5+ Kh7 34. Rxg8 Rxg8 35. Kf2 Rc8 36. Bd2 1-0

[Event "CYCC U16"]
[Site "Victoria CAN"]
[Date "2009.07.22"]
[Round "4"]
[White "Prysiazny, Michael"]
[Black "Parker, Dylan"]
[Result "1-0"]
[WhiteElo "2007"]
[BlackElo "1574"]
[PlyCount "45"]
[GameId "2160767910093908"]
[EventDate "2009.07.21"]
[EventType "swiss"]
[EventRounds "7"]
[EventCountry "CAN"]
[SourceTitle "EXT 2011"]
[Source "ChessBase"]
[SourceDate "2011.11.26"]
[SourceVersion "1"]
[SourceVersionDate "2011.11.26"]
[SourceQuality "1"]

1. e4 e5 2. Nf3 Nc6 3. Bc4 Bc5 4. b4 Bxb4 5. c3 Ba5 6. d4 exd4 7. O-O dxc3 8. Qb3 Qe7 9. Ba3 d6 10. Nxc3 Bxc3 11. Qxc3 Qf6 12. e5 dxe5 13. Rfe1 Nge7 14. Nxe5 O-O 15. Bxe7 Nxe7 16. Qd2 Bf5 17. Nxf7 Rxf7 18. Qb4 Re8 19. Qxb7 Qb6 20. Rxe7 Ref8 21. Qxb6 axb6 22. Rd1 c6 23. Rxf7 1-0

[Event "CYCC U16"]
[Site "Victoria CAN"]
[Date "2009.07.22"]
[Round "4"]
[White "Rakov, Pavel"]
[Black "Szalay, Karoly"]
[Result "0-1"]
[WhiteElo "2147"]
[BlackElo "2273"]
[PlyCount "102"]
[GameId "2160767910093909"]
[EventDate "2009.07.21"]
[EventType "swiss"]
[EventRounds "7"]
[EventCountry "CAN"]
[SourceTitle "hb 2009.10"]

1. d4 d5 2. c4 e6 3. Nf3 Nf6 4. e3 c6 5. Nbd2 Nbd7 6. b3 Bd6 7. Bb2 b6 8. Bd3 Bb7 9. Ne5 c5 10. O-O O-O 11. Rc1 Rc8 12. Qe2 Qe7 13. Rfd1 Rfd8 14. Nf1 cxd4 15. exd4 Nf8 16. Ng3 Ng6 17. Nh5 dxc4 18. Rxc4 Nxh5 19. Qxh5 Bxg2 20. Rxc8 Rxc8 21. Qg4 Bd5 22. Bc1 Qh4 23. Qxh4 Nxh4 24. Bg5 Bxe5 25. Bxh4 Bf3 26. Rd2 Rc1+ 27. Bf1 Bf4 28. Rb2 Be4 29. Bg3 Bxg3 30. fxg3 Bd3 31. Rf2 f5 32. Kg2 Bxf1+ 33. Rxf1 Rxf1 34. Kxf1 e5 35. Ke2 e4 36. Ke3 Kf7 37. d5 b5 38. b4 Ke7 39. Kd4 Kd6 40. a3 h5 41. h4 a6 42. Ke3 Kxd5 43. Kf4 Ke6 44. Ke3 Ke5 45. Ke2 f4 46. gxf4+ Kxf4 47. Kf2 e3+ 48. Ke2 Ke4 49. Ke1 Kd3 50. Kd1 e2+ 51. Ke1 g6 0-1

[Event "CYCC U16"]
[Site "Victoria CAN"]
[Date "2009.07.22"]
[Round "4"]
[White "Sundar, Avinaash"]
[Black "Calugar, Arthur"]
[Result "1-0"]
[WhiteElo "2210"]
[BlackElo "2224"]
[PlyCount "129"]
[GameId "2160767910093910"]
[EventDate "2009.07.21"]
[EventType "swiss"]
[EventRounds "7"]
[EventCountry "CAN"]

1. c4 Nf6 2. Nf3 g6 3. g3 Bg7 4. Bg2 O-O 5. O-O c5 6. d4 cxd4 7. Nxd4 Nc6 8. Nc3 Nxd4 9. Qxd4 d6 10. Qd3 Bf5 11. e4 Bd7 12. Be3 a6 13. Rfd1 Qc7 14. Rac1 Ng4 15. Nd5 Qd8 16. Bb6 Qe8 17. Nc7 Qc8 18. Nxa8 Qxa8 19. h3 Ne5 20. Qe2 Be6 21. b3 Nd7 22. Bd4 Bh6 23. Be3 Bg7 24. Qd2 Rc8 25. Bd4 Rc7 26. Bxg7 Kxg7 27. Qd4+ Kg8 28. Rf1 Qc8 29. f4 Nf8 30. g4 b5 31. f5 Bd7 32. e5 dxe5 33. Qxe5 bxc4 34. Rxc4 Rxc4 35. bxc4 Qxc4 36. Qxe7 Qxa2 37. Qe5 Qb3 38. Kh2 Qc2 39. Qd5 Qc7+ 40. Kh1 Bb5 41. Rd1 Nd7 42. Qd6 Qxd6 43. Rxd6 gxf5 44. gxf5 Kg7 45. Bc6 Bxc6+ 46. Rxc6 Ne5 47. Rxa6 Nf3 48. Ra4 Kf6 49. Rf4 Ne5 50. Kh2 Kg5 51. Kg3 Nc6 52. h4+ Kf6 53. Kg4 Ne7 54. Ra4 Kg7 55. Ra6 Ng8 56. Kg5 h6+ 57. Kf4 Nf6 58. Ra1 Nd7 59. Rd1 Nf8 60. Ke5 f6+ 61. Kd6 Kf7 62. Ra1 h5 63. Ra7+ Ke8 64. Rb7 Nh7 65. Rxh7 1-0

[Event "CYCC U16"]
[Site "Victoria CAN"]
[Date "2009.07.22"]
[Round "4"]
[White "Xiong, Jerry"]
[Black "Sapozhnikov, Roman"]
[Result "1/2-1/2"]
[WhiteElo "2166"]
[BlackElo "2358"]
[PlyCount "64"]
[GameId "2160767910093911"]
[EventDate "2009.07.21"]
[EventType "swiss"]
[EventRounds "7"]
[EventCountry "CAN"]
[SourceTitle "EXT 2011"]
[Source "ChessBase"]
[SourceDate "2011.11.26"]
[SourceVersion "1"]
[SourceVersionDate "2011.11.26"]
[SourceQuality "1"]

1. e4 c5 2. Nf3 d6 3. d4 cxd4 4. Nxd4 Nf6 5. Nc3 Nc6 6. Be2 e5 7. Nxc6 bxc6 8. O-O Be7 9. Bg5 h6 10. Bxf6 Bxf6 11. Bg4 Ba6 12. Re1 O-O 13. Qf3 Rb8 14. b3 Be7 15. Rad1 g6 16. Ne2 Bc8 17. Bxc8 Qxc8 18. c4 a5 19. Qe3 Bg5 20. Qc3 Qc7 21. Rd3 Be7 22. Red1 Qb6 23. Qc1 Kg7 24. Ng3 Rh8 25. Qb2 Qc5 26. Qe2 a4 27. Qg4 h5 28. Qf3 axb3 29. axb3 Rb7 30. Nf1 Rd7 31. Ne3 Rdd8 32. Qg3 Kh7 1/2-1/2